| 000 | 00774nam a22001337a 4500 | ||
|---|---|---|---|
| 040 | _cRUA | ||
| 082 | _aAGR LON 2012 B052 Or.1 | ||
| 100 | _aLONG MAKARA | ||
| 245 | _aComparison of green mustard varieties under raining season condition on crop station of royal university of agriculture,(ប្រៀបធៀបពូជដំណាំស្ពៃខៀវក្នុងល័ក្ខខ័ណ្ឌដើមរដូវវស្សា នៅស្ថានីយ៍ពិសោធន៍ដំណាំនៃសាកលវិទ្យាល័យភូមិន្ទកសិកម្ម) | ||
| 260 |
_aphnom penh _bRUA _c2012 |
||
| 300 |
_aix, 40p. _cill. |
||
| 856 | _uhttps://drive.google.com/file/d/1kmEYfFdWbWmY1zlT7cwYVaiXLFJL5FTT/view?usp=sharing | ||
| 942 | _cAGR | ||
| 999 |
_c1233 _d1233 |
||